书目信息 |
| 题名: |
草地植被恢复技术
|
|
| 作者: | 王堃 , 张英俊 , 戎郁萍 编著 | |
| 分册: | ||
| 出版信息: | 北京 中国农业科学技术出版社 2003.01 |
|
| 页数: | 128页 | |
| 开本: | 19cm | |
| 丛书名: | 退耕还草系列丛书 | |
| 单 册: | ||
| 中图分类: | S812.8 | |
| 科图分类: | ||
| 主题词: | 草地植被--cao di zhi bei--培育 | |
| 电子资源: | ||
| ISBN: | 7-80167-464-2 | |
| 000 | 01048nam 2200289 450 | |
| 001 | 012007237421 | |
| 005 | 20071010154355.32 | |
| 010 | @a7-80167-464-2@dCNY8.00 | |
| 100 | @a20070814d2003 km y0chiy0120 ea | |
| 101 | 0 | @achi |
| 102 | @aCN@b110000 | |
| 105 | @ay a 000yy | |
| 200 | 1 | @a草地植被恢复技术@Acao di zhi bei hui fu ji shu@f王堃, 张英俊, 戎郁萍编著@Fwang kun,zhang ying jun,rong yu ping bian zhu |
| 210 | @a北京@c中国农业科学技术出版社@d2003.01 | |
| 215 | @a128页@d19cm | |
| 225 | 2 | @a退耕还草系列丛书@Atui geng hai cao xi lie cong shu@v一 |
| 300 | @a中国科学技术协会西部科普工程资助 | |
| 320 | @a有书目 (第127-128页)。 | |
| 330 | @a本书内容包括:草地资源概况、草地退化过程及成因、草地植被恢复技术、退耕还草技术、草地的合理利用技术五个部分。 | |
| 410 | 0 | @12001 @a退耕还草系列丛书 |
| 606 | 0 | @a草地植被@Acao di zhi bei@x培育 |
| 690 | @aS812.8@v4 | |
| 701 | 0 | @a王堃@Awang kun@4编著 |
| 701 | 0 | @a张英俊@Azhang ying jun@4编著 |
| 701 | 0 | @a戎郁萍@Arong yu ping@4编著 |
| 801 | 0 | @aCN@c20071010 |
| 905 | @dS812.8@eW245 | |
| 草地植被恢复技术/王堃, 张英俊, 戎郁萍编著.-北京:中国农业科学技术出版社,2003.01 |
| 128页;19cm.-(退耕还草系列丛书;一) |
| 中国科学技术协会西部科普工程资助 |
| ISBN 7-80167-464-2:CNY8.00 |
| 本书内容包括:草地资源概况、草地退化过程及成因、草地植被恢复技术、退耕还草技术、草地的合理利用技术五个部分。 |
| ● |
| 相关链接 |
|
|
|
正题名:草地植被恢复技术
索取号:S812.8/W245
 
预约/预借
| 序号 | 登录号 | 条形码 | 馆藏地/架位号 | 状态 | 备注 |
| 1 | 252306 | 202523064 | 自科库401/401自科库 1排4列2层/ [索取号:S812.8/W245] | 在馆 | |
| 2 | 252307 | 202523073 | 自科库401/401自科库 1排4列2层/ [索取号:S812.8/W245] | 在馆 | |
| 3 | 252308 | 202523082 | 自科库401/401自科库 1排4列2层/ [索取号:S812.8/W245] | 在馆 | |
| 4 | 252309 | 202523091 | 自科库401/401自科库 1排4列2层/ [索取号:S812.8/W245] | 在馆 | |
| 5 | 252310 | 202523108 | 自科库401/401自科库 1排4列2层/ [索取号:S812.8/W245] | 在馆 |